[Event "RUS-chT blitz (Women)"]
[Site "Sochi"]
[Date "2018.10.10"]
[Round "5.2"]
[White "Drozdova, Dina"]
[Black "Sukhareva, Valentina"]
[Result "0-1"]
[WhiteElo "2183"]
[BlackElo "1817"]
[PlyCount "80"]
[EventDate "2018.10.10"]
[EventType "team-swiss (blitz)"]
[EventRounds "13"]
[EventCountry "RUS"]
[SourceTitle "CBM 186 Extra"]
[Source "ChessBase"]
[SourceDate "2018.08.24"]
[SourceVersion "1"]
[SourceVersionDate "2018.08.24"]
[SourceQuality "1"]
[WhiteTeam "Karpov Chess School (W)"]
[BlackTeam "Moscow Zvezdochki (W)"]
[WhiteTeamCountry "RUS"]
[BlackTeamCountry "RUS"]

1. d4 d5 2. c4 e6 3. Nc3 Nf6 4. Bg5 Be7 5. e3 0-0 6. Nf3 b6 7. Rc1 Bb7 8. Bxf6 Bxf6 9. cxd5 exd5 10. Bd3 Nd7 11. h4 c5 12. Ne2 cxd4 13. Nexd4 Nc5 14. Bb1 Ne4 15. h5 Qd6 16. 0-0 Rac8 17. Qd3 g6 18. a3 a6 19. Qe2 Rc5 20. g3 Rfc8 21. Rcd1 b5 22. Kg2 Bg7 23. hxg6 hxg6 24. Rh1 Nf6 25. Ng5 Qe5 26. Ngf3 Qe7 27. Nd2 R5c7 28. Qf3 a5 29. Qf4 b4 30. axb4 axb4 31. Qh4 Ne4 32. Qh3 Nf6 33. N2f3 b3 34. Bd3 Rd8 35. Ra1 Qd6 36. g4 Ne4 37. Qg3 Nxg3 38. fxg3 Qb6 39. Ng5 Re7 40. Kf3 Rde8 0-1

[Event "Voronezh op-B 22nd"]
[Site "Voronezh"]
[Date "2018.06.15"]
[Round "4"]
[White "Selensky, Andrei"]
[Black "Sukhareva, Valentina"]
[Result "1-0"]
[WhiteElo "2040"]
[BlackElo "1847"]
[PlyCount "55"]
[EventDate "2018.06.12"]
[EventType "swiss"]
[EventRounds "9"]
[EventCountry "RUS"]
[SourceTitle "CBM 185 Extra"]
[Source "ChessBase"]
[SourceDate "2018.07.29"]
[SourceVersion "1"]
[SourceVersionDate "2018.07.29"]
[SourceQuality "1"]

1. d4 c5 2. d5 d6 3. e4 Nf6 4. Nc3 a6 5. a4 g6 6. Be2 Bg7 7. h3 0-0 8. Nf3 e6 9. Bg5 exd5 10. Nxd5 Nbd7 11. Qd3 h6 12. Bf4 Nxd5 13. Qxd5 Nf6 14. Qd3 Re8 15. Nd2 d5 16. e5 Bf5 17. Qg3 Nd7 18. Nf3 Bxc2 19. 0-0 g5 20. Nxg5 hxg5 21. Bxg5 Bxe5 22. f4 Bd4+ 23. Kh1 Re3 24. Bf3 Qf8 25. Qg4 Re6 26. Bxd5 Rd6 27. Bf6+ Kh7 28. Qh5+ 1-0

[Event "Dvorkovich Memorial op"]
[Site "Taganrog"]
[Date "2018.01.22"]
[Round "8"]
[White "Sukhareva, Valentina"]
[Black "Murzina, Agata"]
[Result "0-1"]
[WhiteElo "1832"]
[BlackElo "1685"]
[PlyCount "50"]
[EventDate "2018.01.15"]
[EventType "swiss"]
[EventRounds "9"]
[EventCountry "RUS"]
[SourceTitle "CBM 182 Extra"]
[Source "ChessBase"]
[SourceDate "2018.02.23"]
[SourceVersion "1"]
[SourceVersionDate "2018.02.23"]
[SourceQuality "1"]

1. d4 d5 2. c4 e6 3. Nc3 Nf6 4. Bg5 Be7 5. cxd5 Nxd5 6. Bxe7 Nxe7 7. Nf3 Nbc6 8. e3 0-0 9. Bd3 b6 10. Ng5 h6 11. Qh5 Nd5 12. h4 Ncb4 13. Bb1 Ba6 14. Bh7+ Kh8 15. Nxf7+ Rxf7 16. Qxf7 Kxh7 17. Qxe6 Nd3+ 18. Kd2 Nxc3 19. bxc3 Qf8 20. Qe4+ Kh8 21. Qf3 Qg8 22. Rhf1 Rf8 23. Qc6 Nxf2 24. Kc2 Bxf1 25. Rxf1 Qxa2+ 0-1

[Event "Dvorkovich Memorial op"]
[Site "Taganrog"]
[Date "2018.01.19"]
[Round "5"]
[White "Rjabzev, Konstantin"]
[Black "Sukhareva, Valentina"]
[Result "1-0"]
[WhiteElo "2274"]
[BlackElo "1832"]
[PlyCount "65"]
[EventDate "2018.01.15"]
[EventType "swiss"]
[EventRounds "9"]
[EventCountry "RUS"]
[SourceTitle "CBM 182 Extra"]
[Source "ChessBase"]
[SourceDate "2018.02.23"]
[SourceVersion "1"]
[SourceVersionDate "2018.02.23"]
[SourceQuality "1"]

1. e4 g6 2. d4 Bg7 3. c3 d5 4. Nd2 dxe4 5. Nxe4 e5 6. Qe2 f5 7. Bg5 Qd5 8. Nd2 h6 9. Bf4 Nc6 10. Bxe5 Nxe5 11. f4 Be6 12. fxe5 c5 13. Ngf3 cxd4 14. cxd4 g5 15. Qb5+ Qxb5 16. Bxb5+ Kf7 17. 0-0 Ne7 18. Ne4 Kg6 19. Nd6 g4 20. Nh4+ Kg5 21. g3 Rhf8 22. Rac1 Nd5 23. Bc4 f4 24. Ng2 f3 25. Nf4 Rxf4 26. gxf4+ Kxf4 27. Bxd5 Bxd5 28. Rc7 Rg8 29. Kf2 h5 30. Nb5 h4 31. Rg1 Bc6 32. Rf7+ Kg5 33. Nc3 1-0

[Event "Dvorkovich Memorial rapid op"]
[Site "Taganrog"]
[Date "2018.01.13"]
[Round "1"]
[White "Goganov, Aleksey"]
[Black "Sukhareva, Valentina"]
[Result "1-0"]
[WhiteElo "2563"]
[BlackElo "1832"]
[PlyCount "48"]
[EventDate "2018.01.13"]
[EventType "swiss (rapid)"]
[EventRounds "11"]
[EventCountry "RUS"]
[SourceTitle "CBM 182 Extra"]
[Source "ChessBase"]
[SourceDate "2018.02.23"]
[SourceVersion "1"]
[SourceVersionDate "2018.02.23"]
[SourceQuality "1"]

1. d4 d5 2. c4 e6 3. Nc3 Nf6 4. cxd5 exd5 5. Bg5 Be7 6. e3 c6 7. Bd3 Bg4 8. Qc2 Nbd7 9. h3 Bh5 10. f4 h6 11. Bxf6 Bxf6 12. g4 Bh4+ 13. Kd2 Bg6 14. Bxg6 fxg6 15. Qxg6+ Kf8 16. Nf3 Qf6 17. Qh5 Bg3 18. Qf5 Nb6 19. Qxf6+ gxf6 20. b3 h5 21. gxh5 Rxh5 22. h4 Re8 23. Rh3 Bf2 24. Nd1 Rh8 1-0

[Event "Dvorkovich Memorial op 8th"]
[Site "Taganrog"]
[Date "2013.07.30"]
[Round "9"]
[White "Sukhareva, Valentina"]
[Black "Babkin, Anatoliy"]
[Result "1-0"]
[WhiteElo "1856"]
[BlackElo "1822"]
[PlyCount "73"]
[EventDate "2013.07.22"]
[EventType "swiss"]
[EventRounds "9"]
[EventCountry "RUS"]
[SourceTitle "CBM 155 Extra"]
[Source "ChessBase"]
[SourceDate "2013.08.26"]
[SourceVersion "1"]
[SourceVersionDate "2013.08.26"]
[SourceQuality "1"]

1. d4 d5 2. c4 c6 3. Nc3 g6 4. cxd5 cxd5 5. Bf4 Nf6 6. e3 a6 7. Qb3 Nc6 8. Nf3 b5 9. Ne5 Na5 10. Qc2 Bb7 11. Nxb5 Rc8 12. Qa4 Nc6 13. Na7 Qa5+ 14. Qxa5 Nxa5 15. Nxc8 Bxc8 16. b4 Nc4 17. Nxc4 dxc4 18. Bxc4 Bg7 19. b5 axb5 20. Bxb5+ Nd7 21. 0-0 0-0 22. Rfc1 Nb6 23. Be5 f6 24. Bc7 Nd5 25. a4 Nxc7 26. Rxc7 e5 27. a5 exd4 28. a6 Bxa6 29. Rxa6 Rb8 30. Bc4+ Kh8 31. g3 dxe3 32. fxe3 h5 33. Raa7 Kh7 34. h4 Rh8 35. Rxg7+ Kh6 36. Bd3 f5 37. Bc4 1-0

[Event "Dvorkovich Memorial op 8th"]
[Site "Taganrog"]
[Date "2013.07.24"]
[Round "3"]
[White "Sukhareva, Valentina"]
[Black "Shilyakin, Gennady"]
[Result "0-1"]
[WhiteElo "1856"]
[BlackElo "2006"]
[PlyCount "98"]
[EventDate "2013.07.22"]
[EventType "swiss"]
[EventRounds "9"]
[EventCountry "RUS"]
[SourceTitle "CBM 155 Extra"]
[Source "ChessBase"]
[SourceDate "2013.08.26"]
[SourceVersion "1"]
[SourceVersionDate "2013.08.26"]
[SourceQuality "1"]

1. d4 Nf6 2. c4 e6 3. Nf3 d5 4. Nc3 Be7 5. b3 0-0 6. Bb2 b6 7. e3 Bb7 8. Bd3 Nbd7 9. 0-0 Ne4 10. Nd2 f5 11. f3 Nd6 12. e4 dxe4 13. fxe4 Bg5 14. e5 Be3+ 15. Kh1 Nf7 16. d5 Ndxe5 17. Nf3 exd5 18. cxd5 f4 19. Nxe5 Nxe5 20. Bxh7+ Kxh7 21. Qh5+ Kg8 22. Qxe5 Qf6 23. Qxc7 Rf7 24. Qc4 Rc8 25. Qd3 Rd8 26. Rf3 Bc8 27. Raf1 Bf5 28. Qb5 Qg6 29. Re1 Rfd7 30. Ne2 Rxd5 31. Qc4 Bd3 32. Nxf4 Bxf4 33. Qxf4 Rf5 34. Qc7 Rdf8 35. Rxf5 Rxf5 36. Qd8+ Rf8 37. Qd5+ Kh7 38. Kg1 a6 39. h3 Qg3 40. Qe5 Qg6 41. Re3 Rf5 42. Qd4 Bb5 43. Qh4+ Rh5 44. Qd4 Rg5 45. g4 Qf7 46. Qe4+ Rg6 47. Rf3 Qd7 48. Bd4 Bc6 49. Qe5 Bxf3 0-1

[Event "Dvorkovich Memorial op 8th"]
[Site "Taganrog"]
[Date "2013.07.22"]
[Round "1"]
[White "Kovalchuk, Alexey"]
[Black "Sukhareva, Valentina"]
[Result "1-0"]
[WhiteElo "2235"]
[BlackElo "1856"]
[PlyCount "87"]
[EventDate "2013.07.22"]
[EventType "swiss"]
[EventRounds "9"]
[EventCountry "RUS"]
[SourceTitle "CBM 155 Extra"]
[Source "ChessBase"]
[SourceDate "2013.08.26"]
[SourceVersion "1"]
[SourceVersionDate "2013.08.26"]
[SourceQuality "1"]

1. d4 d5 2. c4 e6 3. Nf3 c6 4. Qc2 f5 5. g3 Nf6 6. Bg2 Be7 7. 0-0 Nbd7 8. b3 Ne4 9. Bb2 Ndf6 10. Ne5 0-0 11. f3 Nd6 12. Nd2 Bd7 13. c5 Nf7 14. Nxf7 Rxf7 15. e4 dxe4 16. fxe4 fxe4 17. Nxe4 Nd5 18. Rxf7 Kxf7 19. Nd2 Kg8 20. Re1 Qa5 21. a3 Rf8 22. b4 Qc7 23. Nc4 Bf6 24. Bh3 Bg5 25. Qe4 Rf6 26. Ne5 Be8 27. Bf1 Bd7 28. Bd3 g6 29. Re2 Be8 30. Kg2 a5 31. h4 Bh6 32. Ng4 Bg7 33. Nxf6+ Bxf6 34. Bc4 Bf7 35. Bxd5 exd5 36. Qg4 b6 37. Qf4 Qxf4 38. gxf4 bxc5 39. bxa5 Bd8 40. a6 Bb6 41. Re7 cxd4 42. a7 Bxa7 43. Rxa7 c5 44. Rc7 1-0

[Event "Voronezh op-B 17th"]
[Site "Voronezh"]
[Date "2013.06.16"]
[Round "5"]
[White "Sukhareva, Valentina"]
[Black "Chekletsov, Ilya"]
[Result "0-1"]
[WhiteElo "1856"]
[BlackElo "2025"]
[PlyCount "76"]
[EventDate "2013.06.12"]
[EventType "swiss"]
[EventRounds "9"]
[EventCountry "RUS"]
[SourceTitle "EXT 2014"]
[Source "ChessBase"]
[SourceDate "2013.11.20"]
[SourceVersion "1"]
[SourceVersionDate "2013.11.20"]
[SourceQuality "1"]

1. d4 Nf6 2. c4 g6 3. Nc3 d5 4. b4 Bg7 5. Nf3 0-0 6. Bb2 b6 7. c5 bxc5 8. bxc5 c6 9. g3 Bf5 10. Bg2 Nbd7 11. 0-0 Rb8 12. Bc1 Ne4 13. Nxe4 dxe4 14. Nh4 Nxc5 15. Bf4 Rb4 16. Nxf5 gxf5 17. dxc5 Bxa1 18. Qxa1 Qd4 19. Qxd4 Rxd4 20. Be3 Ra4 21. Bh3 e6 22. Rb1 Kg7 23. Rb7 h5 24. Rc7 Ra6 25. Bd4+ Kg6 26. Bg2 Rd8 27. e3 Rb8 28. h3 Rb1+ 29. Kh2 f6 30. g4 e5 31. Bc3 Rc1 32. Bb4 Rxa2 33. gxh5+ Kxh5 34. Rxc6 Rxf2 35. Rc8 f4 36. Rh8+ Kg6 37. exf4 exf4 38. Ba3 Rcc2 0-1

[Event "Voronezh op-B 17th"]
[Site "Voronezh"]
[Date "2013.06.15"]
[Round "4"]
[White "Sukhareva, Valentina"]
[Black "Golyshkina, Marina"]
[Result "1-0"]
[WhiteElo "1856"]
[BlackElo "1614"]
[PlyCount "83"]
[EventDate "2013.06.12"]
[EventType "swiss"]
[EventRounds "9"]
[EventCountry "RUS"]
[SourceTitle "EXT 2014"]
[Source "ChessBase"]
[SourceDate "2013.11.20"]
[SourceVersion "1"]
[SourceVersionDate "2013.11.20"]
[SourceQuality "1"]

1. d4 Nf6 2. c4 g6 3. Nc3 Bg7 4. e4 d6 5. f3 0-0 6. Be3 Nbd7 7. Nh3 e5 8. d5 Ne8 9. g4 Nb8 10. Qd2 f5 11. gxf5 gxf5 12. Bg5 Qd7 13. 0-0-0 Kh8 14. Nf2 Qf7 15. Nd3 Rg8 16. Kb1 f4 17. Bh4 b6 18. Bf2 a5 19. h4 Ba6 20. Nb5 Bxb5 21. cxb5 Nd7 22. Bh3 Nc5 23. Nxc5 dxc5 24. Be6 Qh5 25. Bxg8 Kxg8 26. d6 Rd8 27. Qd5+ Kf8 28. d7 Nf6 29. Bxc5+ bxc5 30. Qxc5+ Kf7 31. Qxc7 Ke7 32. b6 Qxf3 33. b7 Rxd7 34. Qxe5+ Kf7 35. Rdf1 Qd3+ 36. Ka1 Rxb7 37. Rxf4 Rd7 38. a3 Qd2 39. Rg1 Qd4 40. Qg5 Ke8 41. e5 Ne4 42. Qg2 1-0

[Event "Voronezh op-B 17th"]
[Site "Voronezh"]
[Date "2013.06.12"]
[Round "1"]
[White "Napalkov, Vladimir Aleksandro"]
[Black "Sukhareva, Valentina"]
[Result "1-0"]
[WhiteElo "2126"]
[BlackElo "1856"]
[PlyCount "93"]
[EventDate "2013.06.12"]
[EventType "swiss"]
[EventRounds "9"]
[EventCountry "RUS"]
[SourceTitle "EXT 2014"]
[Source "ChessBase"]
[SourceDate "2013.11.20"]
[SourceVersion "1"]
[SourceVersionDate "2013.11.20"]
[SourceQuality "1"]

1. d4 d5 2. c4 e6 3. Nc3 Nf6 4. cxd5 exd5 5. Bg5 Be7 6. Qc2 0-0 7. e3 Re8 8. Bd3 h6 9. Bh4 Nc6 10. a3 Bg4 11. Nge2 a6 12. 0-0 Ne4 13. Bxe7 Rxe7 14. Bxe4 dxe4 15. Ng3 Qd6 16. Ngxe4 Qg6 17. f3 Bf5 18. Qf2 Rd8 19. Rad1 Bc8 20. Rfe1 Na5 21. Nc5 b6 22. Nd3 Bb7 23. e4 Nc4 24. e5 f5 25. d5 Qf7 26. e6 Qf6 27. Nf4 Nxa3 28. Rd4 Nc2 29. Rd2 Nxe1 30. Qxe1 Rd6 31. Qg3 Kh7 32. h4 Kg8 33. Nh5 Qf8 34. Rd1 Kh7 35. Qe5 Bc8 36. Rd4 Qe8 37. Qxg7+ Rxg7 38. Nf6+ Kg6 39. Nxe8 Rd8 40. Nxg7 Kxg7 41. Rf4 Kg6 42. g4 fxg4 43. fxg4 c6 44. e7 Re8 45. d6 Be6 46. Ne4 Bf7 47. Nf6 1-0

[Event "Yuzhny FO-ch op (Women)"]
[Site "Astrakhan"]
[Date "2013.03.08"]
[Round "7"]
[White "Sukhareva, Valentina"]
[Black "Gorovenko, Darya"]
[Result "1-0"]
[WhiteElo "1876"]
[BlackElo "1761"]
[PlyCount "65"]
[EventDate "2013.03.02"]
[EventType "swiss"]
[EventRounds "9"]
[EventCountry "RUS"]
[SourceTitle "EXT 2014"]
[Source "ChessBase"]
[SourceDate "2013.11.20"]
[SourceVersion "1"]
[SourceVersionDate "2013.11.20"]
[SourceQuality "1"]

1. d4 c5 2. d5 d6 3. e4 g6 4. c4 Bg7 5. Nc3 Nf6 6. Be2 Bd7 7. Nf3 Na6 8. 0-0 Nc7 9. h3 a6 10. a4 0-0 11. Bf4 Nfe8 12. Qd2 Rb8 13. Bh6 b5 14. Bxg7 Kxg7 15. axb5 axb5 16. b3 Nf6 17. Bd3 e6 18. dxe6 Bxe6 19. Nxb5 Nxb5 20. cxb5 Bxb3 21. Qc3 Be6 22. Rfd1 Qc7 23. Ng5 Bd7 24. Nxh7 Kxh7 25. Qxf6 Bxb5 26. Bxb5 Rxb5 27. Rxd6 Rfb8 28. Ra3 Rb1+ 29. Kh2 c4 30. e5 R1b6 31. Rf3 Kg8 32. Rf4 Rxd6 33. exd6 1-0

[Event "Yuzhny FO-ch op (Women)"]
[Site "Astrakhan"]
[Date "2013.03.04"]
[Round "3"]
[White "Sukhareva, Valentina"]
[Black "Yakimenko, Anastasia"]
[Result "1/2-1/2"]
[WhiteElo "1876"]
[BlackElo "1949"]
[PlyCount "173"]
[EventDate "2013.03.02"]
[EventType "swiss"]
[EventRounds "9"]
[EventCountry "RUS"]
[SourceTitle "EXT 2014"]
[Source "ChessBase"]
[SourceDate "2013.11.20"]
[SourceVersion "1"]
[SourceVersionDate "2013.11.20"]
[SourceQuality "1"]

1. d4 d5 2. Bg5 c6 3. Nc3 Bf5 4. f3 h6 5. Bh4 Qd6 6. Qd2 Nf6 7. Bxf6 Qxf6 8. e4 Be6 9. Nge2 g5 10. e5 Qg6 11. h4 Bg7 12. h5 Qh7 13. f4 f6 14. g3 Bf5 15. 0-0-0 Na6 16. Kb1 0-0 17. a3 e6 18. Nc1 c5 19. Bxa6 bxa6 20. Rh2 cxd4 21. Qxd4 fxe5 22. fxe5 Qh8 23. Re1 Rab8 24. Rhe2 Rb6 25. Nd3 Rc8 26. Nc5 Rc7 27. N3a4 Bf8 28. b4 Bxc5 29. Nxc5 Qg7 30. Kc1 a5 31. c3 axb4 32. axb4 a5 33. Rb2 Qe7 34. Ree2 axb4 35. cxb4 Rb5 36. Kd1 Rc8 37. Ke1 Re8 38. g4 Bh7 39. Rf2 Rf8 40. Rxf8+ Kxf8 41. Rf2+ Kg7 42. Ra2 Rb6 43. Rb2 Bg8 44. Ne4 Ra6 45. Nf6 Ra1+ 46. Kf2 Bf7 47. Qc5 Qb7 48. b5 d4 49. Qc6 Qa7 50. Kg2 d3 51. Qf3 Ra2 52. Rxa2 Qxa2+ 53. Kg3 Qd2 54. b6 Qe1+ 55. Qf2 Qxe5+ 56. Kh3 Qa1 57. Kg2 Qa8+ 58. Qf3 Qa2+ 59. Kg3 d2 60. b7 Qa7 61. Ne4 Qxb7 62. Qf6+ Kh7 63. Nxd2 Qc7+ 64. Kf3 Qd7 65. Ke3 Qa7+ 66. Kf3 Qa3+ 67. Kg2 Qa8+ 68. Nf3 Qa2+ 69. Kg3 Qa7 70. Kg2 Qa2+ 71. Kg3 Qa7 72. Nd4 Qa3+ 73. Kf2 Qb2+ 74. Ke3 Qc3+ 75. Ke2 Qc4+ 76. Kd2 Qb4+ 77. Kd3 Qb1+ 78. Kc4 Qc1+ 79. Kb5 Qb2+ 80. Kc6 Be8+ 81. Kd6 Qb4+ 82. Kc7 Qa5+ 83. Kd6 Qb4+ 84. Kxe6 Qb6+ 85. Ke7 Qc5+ 86. Kxe8 Qf8+ 87. Qxf8 1/2-1/2

[Event "Yuzhny FO-ch op (Women)"]
[Site "Astrakhan"]
[Date "2013.03.02"]
[Round "1"]
[White "Sukhareva, Valentina"]
[Black "Wagner, Dinara"]
[Result "0-1"]
[WhiteElo "1876"]
[BlackElo "2075"]
[PlyCount "70"]
[EventDate "2013.03.02"]
[EventType "swiss"]
[EventRounds "9"]
[EventCountry "RUS"]
[SourceTitle "EXT 2014"]
[Source "ChessBase"]
[SourceDate "2013.11.20"]
[SourceVersion "1"]
[SourceVersionDate "2013.11.20"]
[SourceQuality "1"]

1. d4 d5 2. Bg5 c5 3. Nc3 Nc6 4. Nf3 h6 5. Bh4 Bf5 6. e3 c4 7. Be2 Nf6 8. 0-0 e6 9. Nd2 Be7 10. f3 0-0 11. g4 Bh7 12. Bg3 a6 13. f4 b5 14. Bf3 b4 15. Ne2 c3 16. bxc3 bxc3 17. Nxc3 Rc8 18. Rf2 Nxd4 19. exd4 Rxc3 20. Nb3 Ne4 21. Rg2 Nxg3 22. hxg3 Qc7 23. Qe2 Bxc2 24. f5 Bd3 25. Qd1 Bg5 26. Kh2 exf5 27. Bxd5 f4 28. Nc5 fxg3+ 29. Kh3 h5 30. Bf3 hxg4+ 31. Bxg4 Bg6 32. Qa4 Qf4 33. Rag1 Bh5 34. Qd7 f5 35. Rxg3 Qxg4+ 0-1

[Event "Belorechensk Sarkisov Memorial op"]
[Site "Belorechensk"]
[Date "2012.05.30"]
[Round "8"]
[White "Sukhareva, Valentina"]
[Black "Frolov, Lev"]
[Result "1-0"]
[WhiteElo "1899"]
[BlackElo "1959"]
[PlyCount "89"]
[EventDate "2012.05.23"]
[EventType "swiss"]
[EventRounds "9"]
[EventCountry "RUS"]
[SourceTitle "CBM 148 Extra"]
[Source "ChessBase"]
[SourceDate "2012.06.22"]
[SourceVersion "1"]
[SourceVersionDate "2012.06.22"]
[SourceQuality "1"]

1. d4 d5 2. c4 c6 3. Nc3 Nf6 4. cxd5 cxd5 5. Bf4 Nc6 6. e3 a6 7. Nf3 e6 8. h3 Be7 9. Rc1 Bd7 10. Bd3 b5 11. 0-0 0-0 12. Ne5 Nxe5 13. dxe5 Ne8 14. e4 d4 15. Ne2 Qb6 16. Bg3 Bc5 17. f4 f6 18. Kh2 fxe5 19. fxe5 Rxf1 20. Qxf1 g6 21. Qf3 Ng7 22. Nf4 Rf8 23. Qg4 Be7 24. Nd5 Qd8 25. Nxe7+ Qxe7 26. Bh4 Qf7 27. Rf1 Qe8 28. Bf6 Nh5 29. Qg5 Nxf6 30. exf6 e5 31. Bc2 Be6 32. Qxe5 Qb8 33. Qg3 Qxg3+ 34. Kxg3 Bxa2 35. Ra1 Bc4 36. Rxa6 d3 37. Bd1 Re8 38. Kf4 d2 39. Rd6 Re6 40. Rxe6 Bxe6 41. Ke3 Kf7 42. e5 Bd5 43. g4 g5 44. Kd4 Ke6 45. f7 1-0

[Event "Moscow op (Women)"]
[Site "Moscow"]
[Date "2012.01.28"]
[Round "1"]
[White "Sukhareva, Valentina"]
[Black "Ivkina, Olga"]
[Result "0-1"]
[WhiteElo "1899"]
[BlackElo "2275"]
[PlyCount "116"]
[EventDate "2012.01.28"]
[EventType "swiss"]
[EventRounds "9"]
[EventCountry "RUS"]
[SourceTitle "CBM 146 Extra"]
[Source "ChessBase"]
[SourceDate "2012.02.29"]
[SourceVersion "1"]
[SourceVersionDate "2012.02.29"]
[SourceQuality "1"]

1. d4 Nf6 2. Bg5 d6 3. Nc3 Nbd7 4. e4 c6 5. f4 Qb6 6. Rb1 e5 7. Nf3 Be7 8. Be2 h6 9. Bxf6 Bxf6 10. fxe5 dxe5 11. d5 0-0 12. Qd2 a5 13. a3 a4 14. Bc4 g5 15. g4 Qc5 16. Ba2 Nb6 17. Rg1 Rd8 18. Qf2 Qxf2+ 19. Kxf2 cxd5 20. Nxd5 Nxd5 21. Bxd5 Ra5 22. Rbd1 Rc5 23. Rd2 Be6 24. Rgd1 Bxd5 25. exd5 e4 26. Nd4 Rdxd5 27. c3 Be5 28. Re2 Rb5 29. Ke3 Bf4+ 30. Kf2 e3+ 31. Kf3 Rb6 32. h4 Rf6 33. h5 Bc7+ 34. Kxe3 Rf4 35. Rg1 Bb6 36. Rd2 Re5+ 37. Kd3 Ree4 38. Kc4 Rxg4 39. Rf1 Rgf4 40. Rxf4 Rxf4 41. Kb5 Bxd4 42. cxd4 Kf8 43. Kxa4 Ke7 44. Kb5 Kd6 45. Kb6 g4 46. a4 g3 47. Rg2 Rg4 48. Kxb7 f5 49. a5 f4 50. a6 Rg7+ 51. Kb8 Kc6 52. d5+ Kb6 53. Kc8 f3 54. Rc2 f2 55. Rc6+ Ka7 56. d6 f1Q 57. d7 Qf8+ 58. d8Q Qf5+ 0-1

[Event "Dvorkovich Memorial op 6th"]
[Site "Taganrog"]
[Date "2011.08.07"]
[Round "7"]
[White "Sukhareva, Valentina"]
[Black "Dida, Igor"]
[Result "0-1"]
[WhiteElo "1927"]
[BlackElo "1865"]
[PlyCount "82"]
[EventDate "2011.08.01"]
[EventType "swiss"]
[EventRounds "9"]
[EventCountry "RUS"]
[SourceTitle "CBM 144 Extra"]
[Source "ChessBase"]
[SourceDate "2011.10.28"]
[SourceVersion "1"]
[SourceVersionDate "2011.10.28"]
[SourceQuality "1"]

1. d4 Nf6 2. c4 e6 3. Nc3 Bb4 4. Qb3 c5 5. d5 Ne4 6. e3 Qf6 7. Nf3 Nxc3 8. a3 Nxd5+ 9. axb4 Nxb4 10. e4 N8c6 11. Be3 b6 12. Be2 Qg6 13. Nd2 d5 14. cxd5 exd5 15. Bf3 0-0 16. 0-0 d4 17. Bf4 Be6 18. Qd1 Qf6 19. Bd6 Rfd8 20. e5 Qh6 21. Bxc6 Nxc6 22. f4 Bd5 23. Ra3 Qe6 24. f5 Qe8 25. Rh3 Nxe5 26. Bxe5 Qxe5 27. f6 Rd6 28. Rh5 Qe3+ 29. Kh1 Re8 30. Qg4 g6 31. Nf3 Bxf3 32. gxf3 Rxf6 33. Rh3 Re4 34. Qg3 Ref4 35. Kg2 d3 36. Re1 Qd2+ 37. Kh1 Re6 38. Rg1 Qe3 39. Qg5 Rxf3 40. Qd8+ Kg7 41. Rh5 Rf4 0-1

[Event "Dvorkovich Memorial op 6th"]
[Site "Taganrog"]
[Date "2011.08.04"]
[Round "4"]
[White "Osipov, Adam V"]
[Black "Sukhareva, Valentina"]
[Result "1-0"]
[WhiteElo "2088"]
[BlackElo "1927"]
[PlyCount "141"]
[EventDate "2011.08.01"]
[EventType "swiss"]
[EventRounds "9"]
[EventCountry "RUS"]
[SourceTitle "CBM 144 Extra"]
[Source "ChessBase"]
[SourceDate "2011.10.28"]
[SourceVersion "1"]
[SourceVersionDate "2011.10.28"]
[SourceQuality "1"]

1. c4 Nf6 2. Nf3 d6 3. d4 g6 4. Nc3 Bg7 5. e4 0-0 6. Be2 Nbd7 7. 0-0 b6 8. e5 Ne8 9. e6 fxe6 10. Ng5 Ndf6 11. Bf3 Rb8 12. Qe2 e5 13. dxe5 dxe5 14. Qxe5 Nd6 15. Ne6 Nxc4 16. Qe2 Qd6 17. Nxf8 Ne5 18. Bf4 Nxf3+ 19. Qxf3 e5 20. Bg5 Bb7 21. Qe2 Rxf8 22. Qc4+ Kh8 23. Rad1 Qe7 24. Bxf6 Bxf6 25. Nd5 Qf7 26. Ne3 Kg7 27. Qxf7+ Rxf7 28. Ng4 e4 29. Nxf6 Kxf6 30. Rfe1 Kf5 31. Re3 g5 32. Ra3 a5 33. Rc3 Ke5 34. Rd8 Bd5 35. Kf1 Bxa2 36. Rc8 Kd6 37. Rd8+ Ke5 38. Ke2 Bd5 39. Ke3 Re7 40. Rc8 c6 41. Rd8 b5 42. Rc8 g4 43. Rc1 a4 44. Rb8 Re6 45. Rc8 Bc4 46. Rg8 Rd6 47. Re8+ Kf5 48. Rf8+ Kg5 49. Rc3 Rd1 50. Kxe4 Bd5+ 51. Ke5 Rd2 52. f4+ Kg6 53. f5+ Kg5 54. f6 Rxb2 55. f7 Re2+ 56. Kd6 Kf6 57. Re8 Kxf7 58. Rxe2 b4 59. Rc1 a3 60. Rf1+ Kg6 61. Rb1 a2 62. Ra1 b3 63. g3 Kf5 64. Kc5 h5 65. Kd4 Kg5 66. Kc3 Kf6 67. Kb2 c5 68. Rf1+ Kg6 69. Re5 Bg2 70. Rc1 Bf3 71. Rexc5 1-0

[Event "Dvorkovich Memorial op 6th"]
[Site "Taganrog"]
[Date "2011.08.03"]
[Round "3"]
[White "Sukhareva, Valentina"]
[Black "Lindenbaum, Viktor"]
[Result "0-1"]
[WhiteElo "1927"]
[BlackElo "2215"]
[PlyCount "38"]
[EventDate "2011.08.01"]
[EventType "swiss"]
[EventRounds "9"]
[EventCountry "RUS"]
[SourceTitle "CBM 144 Extra"]
[Source "ChessBase"]
[SourceDate "2011.10.28"]
[SourceVersion "1"]
[SourceVersionDate "2011.10.28"]
[SourceQuality "1"]

1. d4 Nf6 2. f3 d5 3. c4 e6 4. Nc3 c5 5. e3 cxd4 6. exd4 Nc6 7. Be3 Be7 8. b3 0-0 9. Bd3 Bb4 10. Nge2 e5 11. dxe5 Nxe5 12. Bd4 Nc6 13. a3 dxc4 14. Bxc4 Ba5 15. Bc5 Bxc3+ 16. Nxc3 Re8+ 17. Be2 Qc7 18. 0-0 Qe5 19. Nd5 Qxd5 0-1